Alta velocidad y calidad de servicios en redes IP /
Obra en que, a partir de la revisión de los conceptos básicos de transferencia, se plantea la necesidad de definir nuevas arquitecturas de redes. Contenido: 1. Planteamiento: Revisión de los conceptos básicos de transferencia. 2. Redes de área local y área metropolitana: Adaptación de las arquitectu...
Uloženo v:
| Hlavní autor: | |
|---|---|
| Další autoři: | , |
| Médium: | Kniha |
| Jazyk: | španělština |
| Vydáno: |
México :
Alfaomega,
2002, c2002
|
| Témata: | |
| Tagy: |
Žádné tagy, Buďte první, kdo vytvoří štítek k tomuto záznamu!
|
MARC
| LEADER | 00000nam^a2200000^a^4500 | ||
|---|---|---|---|
| 001 | 000152789 | ||
| 005 | 20250521000000.0 | ||
| 009 | 20260310100255.568 | ||
| 020 | |a 970-15-0822-X | ||
| 037 | |a Acervo ITESO - Biblioteca | ||
| 041 | |a ESP | ||
| 082 | |a 621. 38217 |b GAR | ||
| 100 | |a García Tomás, Jesús |e (autor) | ||
| 245 | 1 | 0 | |a Alta velocidad y calidad de servicios en redes IP / |c J. García Tomás, J.L. Raya Cabrera, V.R. Raya. |
| 264 | 4 | |a México : |b Alfaomega, |c 2002, c2002 | |
| 300 | |a XXXVI, 674 p. | ||
| 336 | |a texto |b txt |2 rdacontenido | ||
| 337 | |a sin mediación |b n |2 rdamedio | ||
| 338 | |a volumen |b nc |2 rdasoporte | ||
| 520 | |a Obra en que, a partir de la revisión de los conceptos básicos de transferencia, se plantea la necesidad de definir nuevas arquitecturas de redes. Contenido: 1. Planteamiento: Revisión de los conceptos básicos de transferencia. 2. Redes de área local y área metropolitana: Adaptación de las arquitecturas clásicas de redes de área local: Fast Ethernet y ANYLan; Adaptación de las arquitecturas clásicas de redes de área local: Giga Ethernet; Redes de campus inalámbricas; Redes FDDI (Fiber Distributed Data Interface); Redes DQDB (Distributed Queue Dual Bus). 3. Redes de área extensa: Red digital de servicios integrados (RDSI); Redes de retransmisión de tramas/Frame Relay. 4. Redes de acceso: ADSL (Asymetric Digital Subscriber Line); Redes de cable; LMDS (Local Multipoint Distribution Service). 5. Redes de tecnología ATM, modo de transferencia asíncrono, RDSI-BA, redes SDH: Arquitectura de la RDSI-BA; Integración de la tecnología ATM con redes IP, redes de área local y redes multiprotocolo; Redes SDH. 6. Calidad de servicio en redes IP; Arquitectura TCP/IP; Calidad de servicio en Internet; Servicios integrados y protocolos RSVP; Arquitectura de servicios diferenciados; MPLS (Multiprotocol Label Switching). 7. Redes ópticas: DWDM (Dense Wave Divison Multiplexing). 8. Redes para móviles: WAP (Wireless Access Protocol); GPRS (General Packet Radio Service); UMTS (Universal Mobile Telecommunications Systems). | ||
| 649 | |a XX | ||
| 650 | |a Fibra Optica | ||
| 650 | |a Proceso Electrónico de Datos | ||
| 650 | |a ATM (Modo de Transferencia Asíncrona) | ||
| 650 | |a Protocolos de Comunicación | ||
| 650 | |a Calidad en el Servicio | ||
| 650 | |a Control de Calidad | ||
| 650 | |a Procesamiento de Señales | ||
| 650 | |a Cómputo Distribuido | ||
| 650 | |a Computación Móvil | ||
| 650 | |a Internet | ||
| 650 | |a Redes de Computadoras | ||
| 650 | |a Redes de Comunicación | ||
| 650 | |a Sistemas Computacionales | ||
| 650 | |a Sistemas de Telecomunicación | ||
| 650 | |a Tecnologías de Comunicación e Información | ||
| 650 | |a Señales y Transmisión de Señales | ||
| 650 | |a Comunicación en Red | ||
| 650 | |a Comunicación Optica | ||
| 650 | |a Comunicación Inalámbrica | ||
| 650 | |a Telecomunicaciones | ||
| 650 | |a Ingeniería Computacional | ||
| 650 | |a Ingeniería Electrónica | ||
| 700 | |a Raya Cabrera, José Luis |e (autor) | ||
| 700 | |a Raya, Víctor Rodrigo |e (autor) | ||
| 910 | |a Fondo General | ||
| 920 | |a Impresos - Libros | ||
| 930 | |a Colección General | ||
| 905 | |a 101 | ||
| 901 | |a 0500081740 |b IT1 |c ACC |u 20250521 | ||
| 902 | |a https://opac.biblio.iteso.mx/vufind/Record/000152789 | ||